00480nam a22001577a 450000500170000001000150001702000250003203500130005703700130007008200120008324500940009526000440018927000460023330000270027970000160030620100813104517.0 aENG-100166 a9788170588986c65.00 aEN-83698 bDBAD/PUB a181.409 aThe god-touch :ccompiled by A. S. Dalalband other lights from sri Aurobindo's Savitri / aPandicherrybSri Aurobindo Ashramc2009 aSri Aurobindo AshrambPandicherrye605002 axii,139 p.c18cm (Pbk) aA. S. Dalal